Normal view
MARC view
- International Conference of Building Officials
Entry Corporate Name
001 - CONTROL NUMBER
- control field: 43284
003 - CONTROL NUMBER IDENTIFIER
- control field: NUST
005 - DATE AND TIME OF LATEST TRANSACTION
- control field: 20210314132611.0
008 - FIXED-LENGTH DATA ELEMENTS
- fixed length control field: 210314|| aca||aabn | a|a d
040 ## - CATALOGING SOURCE
- Original cataloging agency: NUST
- Transcribing agency: NUST
110 ## - HEADING--CORPORATE NAME
- Corporate name or jurisdiction name as entry element: International Conference of Building Officials
670 ## - SOURCE DATA FOUND
- Source citation: Work cat.: (NUST): International Conference of Building Officials., 1997 uniform building code vol-1 /, 1994.
